00445 2200193 4500001002100000005001500021035002000036245005200056100001800108300001200126260003100138082000800169084001400177990001200191990001200203990001200215990001200227990001200239INLIS00000000000214520250527113516 a0010-05250004371 aCerdas Belajar Kimia Kelas XII /cNana Sutresna0 aNana Sutresna a354 hlm aBandung :bGrafindo,c2007 a540 a540 NAN c a0713051 a0713052 a0713053 a0713054 a0713055